| 000 | 00470 a2200157 4500 | ||
|---|---|---|---|
| 999 |
_c10173 _d10173 |
||
| 020 | _aNO ISBN | ||
| 050 | _aHC 910 COM 2008 | ||
| 100 |
_aUNDP _eauthor |
||
| 245 |
_aComprehensive economic recovery in Zimbabwe : _ba discussion document / _cUNDP |
||
| 264 |
_aZimbabwe: _bUNDP, _c2008 |
||
| 300 |
_a239p. _bill.col. |
||
| 500 | _aIncludes bibliographical reference and index | ||
| 650 | _aMacroeconomic situation-- | ||
| 651 | _aZimbabwe | ||
| 942 |
_2lcc _cBK _h910 _iCOM _kHC |
||